| 000 | 01352nam a22002657a 4500 | ||
|---|---|---|---|
| 005 | 20250307113517.0 | ||
| 008 | 210309cr ||||| |||| 00| 0 spa d | ||
| 020 | _a978-987-702-345-9 (versión digital) | ||
| 040 |
_aAR-FvUNAJ _dAR-FvUNAJ _eaacr2 |
||
| 110 | 1 |
_913380 _aPrograma de Educación en Cooperativismo y Economía Social y Solidaria _bProyecto Ministerio de Educación SPU-UNR 1150 |
|
| 245 | 1 | 3 |
_aLa participación de los asociados en las entidades de la economía social y solidaria : _bcooperativas de trabajo asociado, autogestión, carta del trabajador autogestionado. Investigación / _cPrograma de Educación en Cooperativismo y Economía Social y Solidaria, Proyecto Ministerio de Educación SPU-UNR 1150 |
| 260 |
_aRosario : _bUNR Editora, _c2019 |
||
| 300 |
_a392 p. _bdigital |
||
| 650 | 0 |
_2unescot _9606 _aTRABAJO |
|
| 650 | 0 |
_2unescot _9970 _aUNIVERSIDAD |
|
| 650 | 0 |
_97673 _aEMPRENDEDORISMO |
|
| 650 | 0 |
_93325 _aPOLÍTICA DE DESARROLLO |
|
| 700 | 1 |
_913381 _aSchujman, Mario S. _ecoord. |
|
| 700 | 1 |
_913382 _aIturraspe Oviedo,Francisco _ecoord. |
|
| 700 | 1 |
_913383 _aFajardo García, Isabel _ecoord. |
|
| 700 | 1 |
_913384 _aChaves Gaudio, Ronaldo _ecoord. |
|
| 856 | 4 | 1 | _uhttps://rephip.unr.edu.ar/items/643429b0-e7f3-4378-9eaf-0568986e8379 |
| 942 |
_2ddc _cLIBRO DIGI |
||
| 980 |
_619226 _a Palazón Marcela _82 _gVirginia Figueroa |
||
| 999 |
_c7130 _d7130 |
||